00486nam a2200157 i 4500001000700000003000900007007000300016008004100019080002800060100002600088245009600114260003400210300002200244500002900266852003300295105820ES-MaACLt|060830s1947 bo ||||1| spa d a821.134.2(861.2)-31"19"1 aMendoza López, Max.10aSol de justicia b: (novela de la meseta andina, escrita para el pueblo) / cMax Mendoza L. aLa Paz : bUniverso, c[1947] a311 p. ; c20 cm. aBiblioteca Juan Andrade. aES-MaACLjAND-653 bR.109950